Perspectivas de la bioética en Iberoamérica

Uloženo v:
Podrobná bibliografie
Hlavní autoři: Pessini, Leo (Autor), Barchifontaine, Christian de Paul de (Autor)
Další autoři: Lolas Stepke, Fernando (autor)
Médium: Kniha
Jazyk:španělština
Vydáno: Santiago Programa de Bioética de la Organización Panamericana de la salud 2007
Vydání:1a. ed
Témata:
Tagy: Přidat tag
Žádné tagy, Buďte první, kdo vytvoří štítek k tomuto záznamu!

MARC

LEADER 00000nam a2200000 a 4500
001 UCI2914
003 CL-VaPUC
008 070928e20070000CL |||||||||||||||||spa|d
020 |a 9789567938063 
082 0 4 |a 174.957  |b PES  |2 21 
100 0 |a Pessini, Leo  |e author  |9 524162 
700 0 |a Barchifontaine, Christian de Paul de  |e author  |9 524163 
700 |a Lolas Stepke, Fernando  |e autor  |9 552726 
245 1 0 |a Perspectivas de la bioética en Iberoamérica 
250 |a 1a. ed 
300 |a 323 p 
942 |c BK 
945 |d 20070928 00:00:00  |a jtorresc 
260 |a Santiago  |b Programa de Bioética de la Organización Panamericana de la salud  |c 2007 
650 0 |a Bioética  |9 256117 
650 0 |a Ética médica  |9 312024 
650 0 |a Genética médica   |9 269840 
650 0 |a Aspectos sociales  |9 254894 
583 |a last modification  |c 20070928 00:00:00  |k Rodrigo Vera 
999 |c 327325  |d 327323 
952 |0 0  |1 0  |4 0  |6 174_957000000000000_PES_2007  |7 0  |8 A  |9 410025  |a BIBCUR  |b BIBCUR  |d 2019-11-22  |i 4374746  |o 174.957 PES 2007  |p 4374746  |r 2025-04-22  |w 2019-11-22  |y BK  |k BCB